Islamistische Terrorgruppen in Nordafrika
| Titel: |
Islamistische Terrorgruppen in Nordafrika : trotz Bekämpfung immer mehr präsent / Hanspeter Mattes
|
| Verfasser: |
|
| Veröffentlicht: |
Hamburg : German Institute of Global and Area Studies, 2015 |
| Umfang: |
Online-Ressource (8 Seiten, 0,5 MB)
|
| Format: |
E-Book
|
| Sprache: |
Deutsch |
| Mehrbändiges Werk: |
GIGA-focus Nahost ; 2015,2
|
alg: 51794218
001A $06055:07-05-24
001B $01999:14-05-24 $t01:11:17.000
001D $06055:07-05-24
001U $0utf8
001X $00
002@ $0Oax
002C $aText $btxt $2rdacontent
002D $aComputermedien $bc $2rdamedia
002E $aOnline-Ressource $bcr $2rdacarrier
003@ $0517942186
004E/07 $0821596640 $lMENADOC
004U $0urn:nbn:de:gbv:3:5-87712 $S0
007A $009557140X $aKEP
007I $0MENADOC-3:5-87712
009Q $S0 $uhttp://nbn-resolving.de/urn:nbn:de:gbv:3:5-87712 $xR
010@ $ager
011@ $a2015 $n2015
017B $aZDB-234-MED
021A $aIslamistische Terrorgruppen in Nordafrika $dtrotz Bekämpfung immer mehr präsent $hHanspeter Mattes
028A $BVerfasser $4aut $7128858842 $8Mattes, Hanspeter$Z1951- [Tp3] $9159287901
033A $pHamburg $nGerman Institute of Global and Area Studies
033E $pHalle (Saale) $nUniversitäts- und Landesbibliothek Sachsen-Anhalt
034D $aOnline-Ressource (8 Seiten, 0,5 MB)
036E $aGIGA-focus Nahost $l2015,2
037J $aOpen Access $2star $uhttp://purl.org/coar/access_right/c_abf2 $fUnrestricted online access
045R $aGeschichte
045T $a6,23 $a0
lok: 51794218 3
exp: 51794218 3 1 #EPN
201B/01 $014-05-24 $t01:11:16.476
201C/01 $013-05-24
201U/01 $0utf8
203@/01 $01262804507
204U/01 $0urn:nbn:de:gbv:3:5-87712 $S0
208@/01 $a13-05-24 $bl
lok: 51794218 5
exp: 51794218 5 1 #EPN
201B/01 $014-05-24 $t01:11:17.822
201C/01 $013-05-24
201U/01 $0utf8
203@/01 $01262804515
204U/01 $0urn:nbn:de:gbv:3:5-87712 $S0
208@/01 $a13-05-24 $bl
lok: 51794218 8
exp: 51794218 8 1 #EPN
201B/01 $014-05-24 $t01:11:17.834
201C/01 $013-05-24
201U/01 $0utf8
203@/01 $01262804523
204U/01 $0urn:nbn:de:gbv:3:5-87712 $S0
208@/01 $a13-05-24 $bl
lok: 51794218 10
exp: 51794218 10 1 #EPN
201B/01 $014-05-24 $t01:11:17.852
201C/01 $013-05-24
201U/01 $0utf8
203@/01 $01262804531
204U/01 $0urn:nbn:de:gbv:3:5-87712 $S0
208@/01 $a13-05-24 $bl
lok: 51794218 21
exp: 51794218 21 1 #EPN
201B/01 $014-05-24 $t01:11:17.864
201C/01 $013-05-24
201U/01 $0utf8
203@/01 $0126280454X
204U/01 $0urn:nbn:de:gbv:3:5-87712 $S0
208@/01 $a13-05-24 $bl
lok: 51794218 23
exp: 51794218 23 1 #EPN
201B/01 $014-05-24 $t01:11:17.876
201C/01 $013-05-24
201U/01 $0utf8
203@/01 $01262804558
204U/01 $0urn:nbn:de:gbv:3:5-87712 $S0
208@/01 $a13-05-24 $bl
lok: 51794218 25
exp: 51794218 25 1 #EPN
201B/01 $014-05-24 $t01:11:17.896
201C/01 $013-05-24
201U/01 $0utf8
203@/01 $01262804566
204U/01 $0urn:nbn:de:gbv:3:5-87712 $S0
208@/01 $a13-05-24 $bl
lok: 51794218 204
exp: 51794218 204 1 #EPN
201B/01 $014-05-24 $t01:11:17.907
201C/01 $013-05-24
201U/01 $0utf8
203@/01 $01262804574
204U/01 $0urn:nbn:de:gbv:3:5-87712 $S0
208@/01 $a13-05-24 $bl
lok: 51794218 205
exp: 51794218 205 1 #EPN
201B/01 $014-05-24 $t01:11:17.925
201C/01 $013-05-24
201U/01 $0utf8
203@/01 $01262804582
204U/01 $0urn:nbn:de:gbv:3:5-87712 $S0
208@/01 $a13-05-24 $bl
| LEADER |
00000cam a22000002c 4500 |
| 001 |
517942186 |
| 003 |
DE-603 |
| 005 |
20240514011117.0 |
| 007 |
cr|||||||||||| |
| 008 |
240507s2015 xx |||| o| u00||u|ger c |
| 024 |
7 |
|
|a urn:nbn:de:gbv:3:5-87712
|2 urn
|
| 028 |
5 |
2 |
|a 821596640
|
| 035 |
|
|
|a (DE-599)KEP09557140X
|
| 040 |
|
|
|a DE-603
|b ger
|c DE-603
|d DE-603
|
| 041 |
|
|
|a ger
|
| 084 |
|
|
|a 6,23
|a 0
|2 ssgn
|
| 100 |
1 |
|
|a Mattes, Hanspeter
|d 1951-
|e Verfasser
|4 aut
|0 (DE-603)159287901
|0 (DE-588)128858842
|2 gnd
|
| 245 |
0 |
0 |
|a Islamistische Terrorgruppen in Nordafrika
|b trotz Bekämpfung immer mehr präsent
|c Hanspeter Mattes
|
| 264 |
|
1 |
|a Hamburg
|b German Institute of Global and Area Studies
|c 2015
|
| 264 |
|
2 |
|a Halle (Saale)
|b Universitäts- und Landesbibliothek Sachsen-Anhalt
|
| 300 |
|
|
|a Online-Ressource (8 Seiten, 0,5 MB)
|
| 336 |
|
|
|a Text
|b txt
|2 rdacontent
|
| 337 |
|
|
|a Computermedien
|b c
|2 rdamedia
|
| 338 |
|
|
|a Online-Ressource
|b cr
|2 rdacarrier
|
| 490 |
0 |
|
|a GIGA-focus Nahost
|v 2015,2
|
| 648 |
|
7 |
|a Geschichte
|2 gnd
|
| 856 |
|
|
|u http://nbn-resolving.de/urn:nbn:de:gbv:3:5-87712
|x Resolving-System
|z kostenfrei
|
| 912 |
|
|
|a ZDB-234-MED
|
| 924 |
1 |
|
|9 603
|a (DE-603)1262804507
|b DE-603
|c HES
|d d
|
| 924 |
1 |
|
|9 603
|a (DE-603)1262804515
|b DE-603
|c HES
|d d
|
| 924 |
1 |
|
|9 603
|a (DE-603)1262804523
|b DE-603
|c HES
|d d
|
| 924 |
1 |
|
|9 603
|a (DE-603)1262804531
|b DE-603
|c HES
|d d
|
| 924 |
1 |
|
|9 603
|a (DE-603)126280454X
|b DE-603
|c HES
|d d
|
| 924 |
1 |
|
|9 603
|a (DE-603)1262804558
|b DE-603
|c HES
|d d
|
| 924 |
1 |
|
|9 603
|a (DE-603)1262804566
|b DE-603
|c HES
|d d
|
| 924 |
1 |
|
|9 603
|a (DE-603)1262804574
|b DE-603
|c HES
|d d
|
| 924 |
1 |
|
|9 603
|a (DE-603)1262804582
|b DE-603
|c HES
|d d
|
Islamistische Terrorgruppen in Nordafrika / Mattes, Hanspeter
HEB517942186